000 00557nam a22001935i 4500
001 68628
003 ES-MaACL
005 20250805064135.0
007 t|
008 960812s1877 fr ||||1| fre d
040 _aCAM
_bspa
_cCAM
100 1 _aGautier, Théophile,
_d1811-1872
_9170960
245 1 0 _aSpirite
_b: nouvelle fantastique /
_cThéophile Gautier.
250 _a4e éd.
260 _aParis :
_bG. Charpentier,
_c1877 (
_fimp. J. Claye)
300 _a[4], 235 p. ;
_c18 cm.
852 _aES-MaACL
_jG-14480
999 _c68628
_d68628